000 00211 a2200097 4500
001 48731
100 _aKaeley
245 _aWorld constitutions
260 _aNew Delhi
_bSudha pubs ltd
_c
090 _c31633
_d31633
942 _aNUST-CAE
_cM
_c24040
999 _c283804
_d283804